Les gentilés des départements - Statistiques

Statistiques générales
  • Ce quiz a été pris 288 fois
  • Le résultat moyen est 37 sur 101
Statistiques - réponses
Département Gentilé % Correct
Ardèche Ardéchois
84%
Charente Charentais
82%
Ariège Ariègeois
73%
Aveyron Aveyronnais
73%
Gers Gersois
73%
Paris Parisiens
73%
Aude Audois
72%
Ardennes Ardénnais
71%
Landes Landais
71%
Marne Marnais
71%
Vienne Viennois
70%
Aube Aubois
69%
Gard Gardois
69%
Martinique Martiniquais
69%
Var Varois
69%
Isère Isérois
68%
Creuse Creusois
67%
Gironde Girondins
67%
Guyane Guyanais
67%
Sarthe Sarthois
66%
Mayenne Mayennais
65%
Vendée Vendéens
65%
Vosges Vosgiens
65%
La Réunion Réunionnais
63%
Drôme Drômois
62%
Savoie Savoyards
62%
Tarn Tarnais
61%
Corrèze Corréziens
60%
Guadeloupe Guadeloupéens
60%
Jura Jurassiens
57%
Nord Nordistes
56%
Orne Ornais
56%
Finistère Finistériens
54%
Haute-Marne Haut Marnais
53%
Lozère Lozériens
53%
Manche Manchois
53%
Haute-Vienne Haut Viennois
51%
Haute-Savoie Haut Savoyards
50%
Lot Lotois
50%
Hérault Héraultais
49%
Vaucluse Vauclusiens
49%
Morbihan Morbihannais
46%
Eure Eurois
44%
Haute-Garonne Haut Garonnais
43%
Moselle Mosellans
43%
Dordogne Périgourdins / Dordognais
41%
Cantal Cantalou / Cantaliens
40%
Meuse Meusiens
40%
Oise Oisiens / Isariens
39%
Indre Bérrichons / Indriens
34%
Hautes-Pyrénées Haut-Pyrénéens / Bigourdans
32%
Rhône Rhodaniens
29%
Loire Ligériens
28%
Bas-Rhin Bas Rhinois
27%
Haut-Rhin Haut Rhinois
27%
Tarn-et-Garonne Tarn et Garonnais
27%
Yvelines Yvelinois
27%
Nièvre Nivernais
26%
Doubs Doubistes
25%
Hautes-Alpes Haut Alpins
25%
Calvados Calvadosiens
23%
Essonne Essonniens
23%
Val-de-Marne Val de Marnais
23%
Seine-et-Marne Seine et Marnais
22%
Charente-Maritime Charentais Maritimes
21%
Lot-et-Garonne Lot et Garonnais
21%
Meurthe-et-Moselle Meurthe et Mosellans
21%
Pas-de-Calais Pas de Calaisiens
21%
Mayotte Mahorais
20%
Val-d'Oise Val d'Oisiens
20%
Corse-du-Sud Corses du Sud
19%
Côtes-d'Armor Costarmoricains
16%
Deux-Sèvres Deux Sévriens
15%
Haute-Saône Haut-Saônois
14%
Haute-Corse Corses du Nord
12%
Côte-d'Or Côte d'Oriens
12%
Pyrénées-Atlantiques Béarnais / Basques
11%
Boûches-du-Rhône Bucco-Rhodaniens
11%
Loiret Loirétains
11%
Pyrénées-Orientales Roussillonais / Pyrénéens Orientaux
11%
Maine-et-Loire Angevins
10%
Cher Berrichons
10%
Hauts-de-Seine Altoséquanais / Haut Seinais
9%
Yonne Icaunais
9%
Ain Initians / Aindinois / Ainains
9%
Haute-Loire Altiligériens
8%
Alpes-de-Haute-Provence Bas Alpins
8%
Alpes-Maritimes Maralpins
8%
Indre-et-Loire Indroligériens / Tourangeaux
7%
Puy-de-Dôme Puydomois
7%
Aisne Axonais
6%
Ille-et-Vilaine Brétiliens
6%
Loir-et-Cher Loir et Chériens
6%
Saône-et-Loire Saône et Loiriens
6%
Allier Bourbonnais / Elaverins
5%
Somme Samariens
5%
Seine-Saint-Denis Séquano Dionysiens
5%
Eure-et-Loir Euréliens
4%
Loire-Atlantique Mariligériens
4%
Seine-Maritime Seinomarins
3%
Territoire de Belfort Térrifortains
3%
Aucun quiz correspondant
Distribution des résultats
% des personnes avec chaque résultat
Percentile par nombre de réponses
Votre historique - résultats
Vous n’avez pas pris ce quiz